Negyedik Európa

Elmentve itt :
Bibliográfiai részletek
Szerző: POMOGÁTS Béla
Adatforrás:Meister
Forrásdokumentuma:Korunk. -
6 sz., 1990, 694-699 p.
Nyelv:magyar
Kulcsszavak:politikatörténet
művelődéstörténet
sajtó
magyarok (romániai)
transzilvanizmus
irodalom
kisebbségi kérdés
Erdély, 1920-1939
Európa
Erdély
KUNCZ Aladár
KÓS Károly
PAÁL Árpád
ZÁGONI IstvánErdélyi Helikon
LEADER 00728nab a2200277 i 4500
001 bibPRO00001680
008 060524s1990 xx hun
040 |a Sz1 
041 |a hun 
100 1 |a POMOGÁTS Béla 
245 1 0 |a Negyedik Európa  |c POMOGÁTS Béla 
695 |a politikatörténet 
695 |a művelődéstörténet 
695 |a sajtó 
695 |a magyarok (romániai) 
695 |a transzilvanizmus 
695 |a irodalom 
695 |a kisebbségi kérdés 
695 |a Erdély, 1920-1939 
695 |a Európa 
695 |a Erdély 
695 |a KUNCZ Aladár 
695 |a KÓS Károly 
695 |a PAÁL Árpád 
695 |a ZÁGONI IstvánErdélyi Helikon 
773 0 |t Korunk. -  |g 6 sz., 1990, 694-699 p.